[Event "12th World U16 Ol"]
[Site "Chongqing CHN"]
[Date "2013.07.28"]
[Round "9"]
[White "Wei Yi"]
[Black "Gagare,Shar"]
[Result "1/2-1/2"]
[WhiteElo "2557"]
[BlackElo "2419"]

1.e4 c5 2.Nf3 d6 3.d4 cxd4 4.Nxd4 Nf6 5.Nc3 g6 6.Be3 Bg7 7.f3 Nc6 8.Qd2 O-O
9.O-O-O d5 10.Qe1 e5 11.Nxc6 bxc6 12.exd5 Nxd5 13.Bc4 Be6 14.Kb1 Rb8 15.Ne4 Qc7
16.Bc5 Rfd8 17.g4 h6 18.h4 f5 19.gxf5 gxf5 20.Ng3 Qf7 21.Bb3 Rd7 22.Qa5 Rbd8
23.Rd3 Nf4 24.Qxd8+ Rxd8 25.Rxd8+ Kh7 26.Rhd1 Bd5 27.Ra8 Qg6 28.Rxa7 Ne6
29.Bf2 e4 30.c4 e3 31.Bxe3 Bxf3 32.Rg1 Qf6 33.Rxg7+ Nxg7 34.Bc2 Bg4 35.Ne4 Qe5
36.Nf6+ Qxf6 37.Rxg4 Qe5 38.Bc1 Ne6 39.Rg2 Nd4 40.Bd3 Qe1 41.a4 Kh8 42.a5 Nb3
43.Rc2 Qxa5 44.Rc3 Qa1+ 45.Kc2 Qxc1+ 46.Kxb3 Qd1+ 47.Ka3 Qa1+ 48.Kb3 Qd1+
49.Ka3 Qa1+ 50.Kb3 Qd1+ 51.Ka3 f4 52.Be4 c5 53.Bf3 Qe1 54.h5 Kg7 55.Ka4 Qa1+
56.Kb3 Qb1 57.Rc2 Kf6 58.Rd2 Qc1 59.Rd3 Kg5 60.Bd1 Kh4 61.Bf3 Qe1 62.Kc2 Qf2+
63.Kc3 Qe1+ 64.Kc2 Qe6 65.Kc3 Qe5+ 66.Kc2 Qb8 67.Bd1 Qb4 68.Rc3 Qa4+ 69.Kd2 Qa6
70.Kc2 Qb7 71.Kc1 Qe4 72.Bf3 Qe1+ 73.Bd1 Kg5 74.Kc2 Qe4+ 75.Kc1 Kf6 76.Bf3 Qe1+
77.Kc2 Qf2+ 78.Kc1 Qd4 79.Kc2 Ke5 80.Kc1 Qg1+ 81.Kc2 Qf2+ 82.Kc1 Kd4 83.Bd1 Ke4
84.Bc2+ Ke5 85.Bd1 Qf1 86.Kd2 Kd4 87.Kc2 Ke4 88.Kd2 Qf2+ 89.Kc1 Kd4 90.Bf3 Qe1+
91.Kc2 Qf1 92.Bd1 Qg2+ 93.Kc1 Qf2 94.Bf3 Qe1+ 95.Kc2 Ke5 96.Bd1 Qf2+ 97.Kc1 Qd4
98.Bf3 Kf5 99.Bd1 Kg5 100.Kc2 Kh4 101.Kc1 Qf2 102.Rf3 Qd4 103.Rc3 Qe4 104.Bf3  1/2-1/2

[Event "3rd Chinese Master Rapid Men"]
[Site "Shenzhen CHN"]
[Date "2013.07.30"]
[Round "1.1"]
[White "Hou Yifan"]
[Black "Wei Yi"]
[Result "0-1"]
[WhiteElo "2600"]
[BlackElo "2557"]

1.e4 c5 2.Nf3 d6 3.d4 cxd4 4.Qxd4 Nf6 5.Nc3 a6 6.Bc4 Nc6 7.Qd3 g6 8.Bg5 Bg7
9.Bb3 Nd7 10.Qe3 h6 11.Bh4 Nc5 12.Rd1 O-O 13.h3 Kh7 14.Bg3 Qa5 15.O-O f5
16.exf5 gxf5 17.Nd2 Bd4 18.Qe2 Bxc3 19.bxc3 Qxc3 20.Bf4 Qf6 21.Nc4 Be6 22.Be3 Ne4
23.Rde1 d5 24.Nd2 Rg8 25.Kh1 Qg6 26.Rg1 Raf8 27.Bf4 Bf7 28.f3 Nf6 29.g4 Re8
30.Be5 Nd7 31.Bh2 e5 32.c3 f4 33.c4 Nd4 34.Qf2 Nc5 35.Qf1 Nd3 36.Rd1 e4 37.fxe4 dxe4
38.Bxf4 e3 39.Qg2 Nxf4  0-1

[Event "3rd Chinese Master Rapid Men"]
[Site "Shenzhen CHN"]
[Date "2013.07.30"]
[Round "2.1"]
[White "Wei Yi"]
[Black "Ni Hua"]
[Result "0-1"]
[WhiteElo "2557"]
[BlackElo "2661"]

1.e4 e5 2.Nf3 Nc6 3.Nc3 Nf6 4.Bb5 Bb4 5.O-O O-O 6.d3 d6 7.Bg5 Bxc3 8.bxc3 Bd7
9.Rb1 Rb8 10.d4 a6 11.Bxc6 Bxc6 12.Re1 h6 13.Bh4 Qe7 14.h3 Kh8 15.Nd2 g5
16.Bg3 Bb5 17.h4 Nh7 18.Qh5 Kg7 19.Re3 f6 20.Bh2 Qf7 21.Qf3 Bd7 22.hxg5 hxg5
23.Qe2 Qxa2 24.dxe5 dxe5 25.Rc1 Qe6 26.Rh3 Qf7 27.g4 Rh8 28.f3 Nf8 29.Rxh8 Kxh8
30.Qe3 b6 31.Kf2 Ne6 32.c4 Qe7 33.Bg3 Kg7 34.Rh1 a5 35.Nb1 Qb4 36.Nd2 Rd8
37.Rb1 Qd6 38.Qd3 Ba4 39.Qxd6 Rxd6 40.Nb3 Bxb3 41.cxb3 Rd3  0-1

[Event "3rd Chinese Master Rapid Men"]
[Site "Shenzhen CHN"]
[Date "2013.07.30"]
[Round "3.1"]
[White "Wang Yue"]
[Black "Wei Yi"]
[Result "1/2-1/2"]
[WhiteElo "2705"]
[BlackElo "2557"]

1.Nf3 Nf6 2.g3 e6 3.Bg2 Be7 4.c4 d5 5.d4 O-O 6.O-O dxc4 7.Ne5 Nc6 8.Bxc6 bxc6
9.Nxc6 Qe8 10.Nxe7+ Qxe7 11.Qc2 e5 12.Rd1 Bb7 13.Nc3 Qe6 14.dxe5 Qh3 15.e4 Ng4
16.f4 Rad8 17.Rxd8 Rxd8 18.Qg2 Qh6 19.h3 Qb6+ 20.Kf1 Bxe4 21.Nxe4 Rd1+ 22.Ke2 Rxc1
23.Rxc1 Qe3+ 24.Kd1 Qd3+ 25.Ke1 Qe3+ 26.Qe2 Qxc1+ 27.Qd1 Qe3+ 28.Kf1 Nh2+
29.Kg2 Qxe4+ 30.Kxh2 Qd3 31.Qc1 h5 32.Kg2 Kh7 33.Kf2 Qd4+ 34.Kf3 Qd5+ 35.Kf2 Qd4+
36.Kg2 Qe4+ 37.Kg1 Qd4+ 38.Kg2 Qe4+ 39.Kh2 Kg6 40.Kg1 Qd4+ 41.Kg2 Qe4+ 42.Kf2 Qd4+
43.Ke2 Qd3+ 44.Kf2 Qd4+ 45.Kf3 Qd5+  1/2-1/2

[Event "3rd Chinese Master Rapid Men"]
[Site "Shenzhen CHN"]
[Date "2013.07.31"]
[Round "4.1"]
[White "Wei Yi"]
[Black "Yu Yangyi"]
[Result "1/2-1/2"]
[WhiteElo "2557"]
[BlackElo "2657"]

1.e4 c5 2.Nf3 Nc6 3.Nc3 g6 4.d4 cxd4 5.Nxd4 Bg7 6.Be3 Nf6 7.Bc4 Qa5 8.O-O O-O
9.Bb3 d6 10.h3 Bd7 11.Qd3 Nxd4 12.Bxd4 Bc6 13.Rae1 Nd7 14.Bxg7 Kxg7 15.f4 Qc5+
16.Kh2 a5 17.a4 Rad8 18.Qg3 Qb4 19.f5 Ne5 20.f6+ exf6 21.Qf4 f5 22.exf5 Qxf4+
23.Rxf4 g5 24.f6+ Kg6 25.Rf2 Rfe8 26.Rd1 h5 27.Nd5 Bxd5 28.Rxd5 Nc6 29.c3 Re5
30.Rd1 d5 31.Rfd2 Kxf6 32.Bxd5 Ke7 33.g3 Re3 34.Kg2 h4 35.gxh4 gxh4 36.Bf3 Rxd2+
37.Rxd2 f5 38.Kf2 Re6 39.Re2 Ne5 40.Rd2 Rd6 41.Bd5 Kf6 42.Rd4 b6 43.Ke3 Ng6
44.Bf3 Re6+ 45.Kf2 Kg5 46.Bg2 Nf4 47.Bf1 Nh5 48.Bd3 Nf6 49.b4 Rc6 50.bxa5 bxa5
51.c4 Rc5 52.Kf3 Rc8 53.Rf4 Rc5 54.Rd4 Rc8 55.Rf4 Rc5 56.Rd4 Re5 57.Bc2 Rc5
58.Bd3  1/2-1/2

[Event "3rd Chinese Master Rapid Men"]
[Site "Shenzhen CHN"]
[Date "2013.07.31"]
[Round "5.1"]
[White "Zhou Jianchao"]
[Black "Wei Yi"]
[Result "1/2-1/2"]
[WhiteElo "2572"]
[BlackElo "2557"]

1.c4 Nf6 2.Nc3 e6 3.d4 Bb4 4.Qc2 O-O 5.a3 Bxc3+ 6.Qxc3 b6 7.Bg5 Bb7 8.f3 h6
9.Bh4 d5 10.e3 Nbd7 11.cxd5 Nxd5 12.Bxd8 Nxc3 13.Be7 Rfe8 14.Bh4 Nd5 15.Kf2 g5
16.Bg3 c5 17.h4 cxd4 18.exd4 N5f6 19.hxg5 hxg5 20.Nh3 g4 21.Ng5 Rac8 22.Bd3 e5
23.Rae1 exd4 24.Rxe8+ Rxe8 25.Rd1 gxf3 26.gxf3 Ne5 27.Bb5 Nxf3 28.Nxf3 Re3
29.Bh4 Rxf3+ 30.Ke1 Re3+ 31.Kf1 Ne4 32.Rxd4 Rb3 33.Rb4 Rh3 34.Be1 a6 35.Bd7 Rd3
36.Bc8 Bxc8 37.Rxe4 Be6 38.Bc3 Kh7 39.Rd4 Rf3+ 40.Ke2 Rh3 41.Rd6 b5 42.Kd2 Rh2+
43.Ke3 a5 44.Rd2 Rh3+ 45.Kf4 b4 46.axb4 axb4 47.Be5 Rh4+ 48.Kg5 Rg4+ 49.Kf6 Rg6+
50.Ke7 Kh6 51.Rd4 b3 52.Bf6 Rg2 53.Rd8 Rf2 54.Rg8 Rf3 55.Rg1  1/2-1/2

[Event "3rd Chinese Master Rapid Men"]
[Site "Shenzhen CHN"]
[Date "2013.08.01"]
[Round "6.1"]
[White "Wei Yi"]
[Black "Xiu Deshun"]
[Result "1-0"]
[WhiteElo "2557"]
[BlackElo "2556"]

1.e4 e5 2.Nf3 Nc6 3.Nc3 Nf6 4.Be2 Bb4 5.Nd5 Bd6 6.d4 Nxd5 7.exd5 Nxd4 8.Nxd4 exd4
9.Qxd4 O-O 10.Be3 Re8 11.O-O-O Be5 12.Qd2 d6 13.Bd3 c5 14.Rhe1 Bd7 15.Bg5 Bf6
16.h4 b5 17.Qf4 Be5 18.Bxh7+ Kf8 19.Qf3 Qa5 20.Bg6 f5 21.Qh5  1-0

[Event "3rd Chinese Master Rapid Men"]
[Site "Shenzhen CHN"]
[Date "2013.08.01"]
[Round "7.1"]
[White "Li Chao2"]
[Black "Wei Yi"]
[Result "1/2-1/2"]
[WhiteElo "2686"]
[BlackElo "2557"]

1.c4 Nf6 2.Nf3 e6 3.g3 d5 4.Bg2 Be7 5.O-O O-O 6.b3 b6 7.Bb2 Bb7 8.e3 c5 9.Nc3 Nc6
10.Qe2 d4 11.exd4 cxd4 12.Nb5 d3 13.Qe3 a6 14.Nbd4 Bc5 15.Nxc6 Bxc6 16.Qe5 Qb8
17.Rae1 Qb7 18.Nh4 Rad8 19.h3 a5 20.Kh2 h6 21.f4 Rfe8 22.a3 Bxg2 23.Nxg2 Qe7
24.a4 Bb4 25.Qe3 Nd7 26.Nh4 Qc5 27.Qf3 Bxd2 28.Rd1 Qb4 29.Qxd3 Nc5 30.Qc2 Rd3
31.Nf3 Red8 32.Ne5 Qxb3 33.Qxb3 Rxb3 34.Bc1 Ne4 35.Rfe1 Bxe1 36.Rxd8+ Kh7
37.Nxf7 Rc3 38.Rh8+ Kg6 39.Ne5+ Kf6 40.Be3 Nxg3 41.Bxb6 Kf5 42.Rd8 Rc2+ 43.Kg1 Ne2+
44.Kf1 Bg3 45.Nd3 Ke4 46.Nc5+ Kf5 47.Rf8+ Kg6 48.Nxe6 Bh4 49.f5+ Kh7 50.Rf7 Ng3+
51.Ke1 Bf6 52.Bd4 Bxd4 53.Nxd4 Rxc4 54.Ne6 Nh5 55.Ra7 Re4+ 56.Kd2 Rxa4 57.Ra8 g5
58.Ra7+ Kg8 59.Ke3 Nf6 60.Rg7+ Kh8 61.Rf7 Nd5+ 62.Kf3 Kg8 63.Rg7+ Kh8 64.Rf7 Kg8
65.Rg7+ Kh8 66.Rd7 Ra3+ 67.Kf2 Ra2+ 68.Ke1 Nf4 69.Rd8+ Kh7 70.Rd7+ Kh8 71.Rd8+  1/2-1/2

[Event "Chinese Teams 2013"]
[Site "Wuxi CHN"]
[Date "2013.08.04"]
[Round "9.5"]
[White "Wei Yi"]
[Black "Ma,Zhonghan"]
[Result "1-0"]
[WhiteElo "2551"]
[BlackElo "2401"]

1.e4 c5 2.Nf3 d6 3.d4 cxd4 4.Nxd4 Nf6 5.Nc3 a6 6.Be3 e5 7.Nb3 Be6 8.h3 Nbd7
9.g4 h6 10.Qd2 b5 11.O-O-O Nb6 12.f4 Nc4 13.Qe1 Nxe3 14.Qxe3 exf4 15.Qxf4 Be7
16.Kb1 O-O 17.Nd5 Rc8 18.Be2 Bxd5 19.exd5 Nd7 20.h4 Bxh4 21.Qxd6 Nb6 22.Qxd8 Bxd8
23.Bf3 Bf6 24.Nd4 Nc4 25.c3 Rfe8 26.Nc6 Re3 27.Rhf1 Nd6 28.Kc2 Rce8 29.a4 Bh4
30.Nb4 bxa4 31.Ra1 R3e7 32.Nc6 Re1 33.Rfxe1 Rxe1 34.Rxa4 Re3 35.Bd1 Rg3 36.Rxa6 g6
37.Ne5 Rg2+ 38.Kb3 Ne4 39.Ra7 Rd2 40.Bc2 Nc5+ 41.Kc4 Rxc2 42.Ra8+ Kg7 43.Kxc5 Rxb2
44.d6 Rd2 45.Re8 Bf6 46.c4 h5 47.g5 Bxe5 48.Rxe5 h4 49.Re3 f5 50.Kc6 Kf7
51.c5 Rd4 52.Kd7 Re4 53.Rh3  1-0

[Event "Chinese Teams 2013"]
[Site "Wuxi CHN"]
[Date "2013.08.05"]
[Round "10.3"]
[White "Malakhov,V"]
[Black "Wei Yi"]
[Result "1-0"]
[WhiteElo "2707"]
[BlackElo "2551"]

1.e4 c5 2.Nf3 d6 3.d4 cxd4 4.Qxd4 Nf6 5.Qd1 Ng8 6.Qd4 Nf6 7.Bb5+ Bd7 8.Bxd7+ Nbxd7
9.O-O g6 10.c4 Bg7 11.Nc3 O-O 12.Bd2 a6 13.Qd3 b5 14.cxb5 axb5 15.b4 Ra3
16.Nd4 Nc5 17.Qc2 Nfxe4 18.Nxe4 Bxd4 19.bxc5 Bxa1 20.Rxa1 dxc5 21.Qxc5 Rd3
22.Be1 Rd1 23.Qc3 b4 24.Rxd1 Qxd1 25.Qxb4 Rc8 26.Ng5 Qe2 27.h4 Rc4 28.Qb8+ Kg7
29.Nf3 Ra4 30.h5 gxh5 31.Bd2 Qe6 32.a3 Rg4 33.Qe5+ Qxe5 34.Nxe5 Rd4 35.Nf3 Rd3
36.Bb4 Kf6 37.a4 Rb3 38.Bc5 e5 39.a5 Rb5 40.Bb6 Kf5 41.Nd2 Rb4 42.f3 Ke6
43.Ne4 f5 44.Ng5+ Kd6 45.Nxh7 e4 46.fxe4 fxe4 47.Nf6 h4 48.Ng4 Ke6 49.Kh2 Rb1
50.Ne3 Kd7 51.Kh3 Rh1+ 52.Kg4 Rh2 53.a6 Kc8 54.Bd4 Rh1 55.Nd5 Rc1 56.Be5 Rb1
57.Ne7+  1-0

[Event "FIDE World Cup 2013"]
[Site "Tromso NOR"]
[Date "2013.08.11"]
[Round "1.24"]
[White "Wei Yi"]
[Black "Nepomniachtchi,I"]
[Result "1/2-1/2"]
[WhiteElo "2551"]
[BlackElo "2723"]

1.e4 c5 2.Nf3 d6 3.d4 cxd4 4.Nxd4 Nf6 5.Nc3 a6 6.Be3 e5 7.Nb3 Be7 8.f3 Be6
9.Qd2 h5 10.Nd5 Nxd5 11.exd5 Bf5 12.Be2 Nd7 13.O-O O-O 14.Na5 Qc7 15.c4 Rfe8
16.b4 Nf6 17.Rac1 Rad8 18.Bd1 Bf8 19.Qf2 Qd7 20.Bb3 e4 21.Bd4 exf3 22.Qxf3 Bg4
23.Qf4 Re4 24.Qd2 Rde8 25.Bc2 Re2 26.Qd3 Ne4 27.h3 Rd2 28.Qe3 Re2 29.Qd3 Rd2
30.Qe3 Re2 31.Qd3 Rd2 32.Qe3 Re2  1/2-1/2

[Event "FIDE World Cup 2013"]
[Site "Tromso NOR"]
[Date "2013.08.12"]
[Round "2.24"]
[White "Nepomniachtchi,I"]
[Black "Wei Yi"]
[Result "0-1"]
[WhiteElo "2723"]
[BlackElo "2551"]

1.e4 c5 2.Nf3 d6 3.d4 cxd4 4.Nxd4 Nf6 5.Nc3 g6 6.Be3 Bg7 7.f3 Nc6 8.Bc4 O-O
9.Qd2 Bd7 10.h4 Rc8 11.Bb3 h5 12.O-O-O Ne5 13.Bh6 Nc4 14.Bxc4 Rxc4 15.Bxg7 Kxg7
16.Kb1 Qa5 17.Rhe1 Rfc8 18.Qe3 a6 19.Re2 Qc5 20.Qd2 Qa5 21.Qd3 Qe5 22.Qe3 Qc5
23.Rdd2 b5 24.Nd1 e5 25.Nb3 Qc7 26.Qg5 Be6 27.Qg3 a5 28.Ne3 Rb4 29.Qe1 Qb6
30.Nc1 Rd4 31.Rxd4 exd4 32.Nd1 b4 33.Qf2 d5 34.e5 Nd7 35.Nb3 Rc4 36.Rd2 d3
37.cxd3 Qxf2 38.Rxf2 Bf5 39.Rd2 a4 40.Ne3 Rxh4 41.Nc1 Nxe5 42.Nxd5 b3 43.axb3 axb3
44.Ne3 Rh1 45.Rd1 Bxd3+ 46.Ka1 Rxd1 47.Nxd1 f5 48.f4 Bc2 49.Ne3 Nd3 50.Ne2 h4
51.Nd4 Ne1 52.Ne6+ Kh6 53.Ng5 Be4 54.Nxe4 fxe4 55.Kb1 Kg7  0-1

[Event "FIDE World Cup 2013"]
[Site "Tromso NOR"]
[Date "2013.08.14"]
[Round "2.1"]
[White "Shirov,A"]
[Black "Wei Yi"]
[Result "1/2-1/2"]
[WhiteElo "2696"]
[BlackElo "2551"]

1.c4 Nf6 2.Nc3 e6 3.Nf3 d5 4.d4 Bb4 5.Bg5 h6 6.Bxf6 Qxf6 7.e3 O-O 8.Rc1 dxc4
9.Bxc4 c5 10.dxc5 Bxc5 11.O-O Rd8 12.Qe2 Qe7 13.a3 Bd7 14.Rfd1 Nc6 15.b4 Bb6
16.Bb3 Be8 17.Na4 Rxd1+ 18.Bxd1 Bc7 19.Nc5 Bd6 20.Bc2 a5 21.Qd3 g6 22.Ne4 Rd8
23.Qc3 axb4 24.Nf6+ Kh8 25.axb4 Bxb4 26.Qa1 e5 27.Nxe8 Rxe8 28.Be4 Nd8 29.Rc8 Bd6
30.Qb1 Rf8 31.g3 Kg7 32.Qb5 Nc6 33.Rxf8 Kxf8 34.Bxc6 bxc6 35.Qxc6 Qc7 36.Qd5 Qe7
37.Kg2 Bc7 38.h4 h5 39.Ng5 Kg7 40.Ne4 Qd8 41.Qc6 Qe7 42.Kf3 f5 43.Ng5 e4+
44.Kg2 Be5 45.Qd5 Bf6 46.Ne6+ Kh7  1/2-1/2

[Event "FIDE World Cup 2013"]
[Site "Tromso NOR"]
[Date "2013.08.17"]
[Round "3.1"]
[White "Mamedyarov,S"]
[Black "Wei Yi"]
[Result "1/2-1/2"]
[WhiteElo "2775"]
[BlackElo "2551"]

1.d4 Nf6 2.c4 e6 3.Nc3 Bb4 4.Qc2 O-O 5.e4 d5 6.e5 Ne4 7.Bd3 c5 8.Nf3 cxd4
9.Nxd4 Nd7 10.Bf4 Qh4 11.g3 Qh5 12.O-O Bxc3 13.bxc3 g5 14.Be2 Qh3 15.Bc1 Nxe5
16.Rb1 b6 17.cxd5 exd5 18.f3 Nxg3 19.hxg3 Qxg3+ 20.Kh1 Qh3+ 21.Kg1 Qg3+ 22.Kh1 Qh3+
23.Kg1  1/2-1/2

[Event "FIDE World Cup 2013"]
[Site "Tromso NOR"]
[Date "2013.08.18"]
[Round "3.2"]
[White "Wei Yi"]
[Black "Mamedyarov,S"]
[Result "1/2-1/2"]
[WhiteElo "2551"]
[BlackElo "2775"]

1.e4 e5 2.Nf3 Nc6 3.Nc3 Nf6 4.Bb5 Bb4 5.O-O O-O 6.d3 d6 7.Bg5 Ne7 8.Nh4 c6
9.Bc4 d5 10.Bb3 Qd6 11.f4 Bxc3 12.bxc3 dxe4 13.fxe5 Qxe5 14.Bxf6 gxf6 15.dxe4 Qxc3
16.Qd6 Ng6 17.Nxg6 hxg6 18.Qxf6 Qxf6 19.Rxf6 Kg7 20.Raf1 Bf5 21.Rxf7+ Rxf7
22.Bxf7 Bxe4 23.Bb3 b5  1/2-1/2

[Event "FIDE World Cup 2013"]
[Site "Tromso NOR"]
[Date "2013.08.19"]
[Round "3.3"]
[White "Mamedyarov,S"]
[Black "Wei Yi"]
[Result "1-0"]
[WhiteElo "2775"]
[BlackElo "2551"]

1.d4 Nf6 2.Bg5 Ne4 3.Bf4 d5 4.e3 e6 5.Bd3 Bd6 6.Bxe4 Bxf4 7.exf4 dxe4 8.Nc3 Nc6
9.Nge2 f5 10.Qd2 b6 11.O-O-O Ba6 12.d5 exd5 13.Nxd5 Bc4 14.Qc3 Bxd5 15.Qxg7 Rg8
16.Qxh7 Qd6 17.Qxf5 Ne7 18.Qh5+ Bf7 19.Qh4 Qe6 20.Nc3 Nf5 21.Qh3 Nd6 22.Qxe6+ Bxe6
23.g3 O-O-O 24.Nd5 Rh8 25.Ne7+ Kb7 26.h4 Bg4 27.Rd2 Rh6 28.Re1 c6 29.Rxe4 Re8
30.Re1 Kc7 31.Rd3 Be6 32.Rxd6 Rxe7 33.Rd3 Rg7 34.b3 Bf5 35.Rde3 Rd7 36.Re5 Rf6
37.f3 Bh7 38.Re7 Kd6 39.Rxd7+ Kxd7 40.Re5 c5 41.Rh5 Bg8 42.Kd2 Rd6+ 43.Ke3 Re6+
44.Kf2 Rd6 45.Rg5 Bf7 46.Re5 Rd2+ 47.Re2 Rd4 48.Ke3 Ke6 49.g4 Kf6 50.h5 Bd5
51.Rh2 Rd1 52.h6 Re1+ 53.Kf2 Re8 54.f5 Rh8 55.Kg3 Ke5 56.Re2+ Kf6 57.Kf4 Rg8
58.Rd2 Bf7 59.g5+  1-0

[Event "FIDE World Cup 2013"]
[Site "Tromso NOR"]
[Date "2013.08.19"]
[Round "3.4"]
[White "Wei Yi"]
[Black "Mamedyarov,S"]
[Result "1/2-1/2"]
[WhiteElo "2551"]
[BlackElo "2775"]

1.e4 e5 2.Nf3 Nc6 3.Bc4 Bc5 4.b4 Bb6 5.a4 a6 6.Nc3 Nf6 7.O-O d6 8.Nd5 Nxd5
9.exd5 Nd4 10.Nxd4 Bxd4 11.c3 Ba7 12.d4 O-O 13.dxe5 dxe5 14.Be3 a5 15.Bc5 Re8
16.Qf3 Qf6 17.Qxf6 gxf6 18.Rfd1 Bd7 19.Bxa7 Rxa7 20.b5 Raa8 21.Bb3 Kf8 22.c4 b6
23.Rac1 Ke7 24.c5 bxc5 25.Rxc5 Kd6 26.Rdc1 Rac8 27.R5c3 Rg8 28.Kf1 Rg4 29.Bc4 Rcg8
30.Bb3 Rb4 31.g3 Rgg4 32.f3 Rgd4 33.Ke1 f5 34.Bd1 Rb2 35.Rxc7 Rxh2 36.Ra7 Rh1+
37.Ke2 f4 38.gxf4 exf4 39.b6 Rh2+ 40.Ke1 Rh1+  1/2-1/2

[Event "52nd World Juniors"]
[Site "Kocaeli TUR"]
[Date "2013.09.13"]
[Round "1.10"]
[White "Wei Yi"]
[Black "Emiroglu,C"]
[Result "1-0"]
[WhiteElo "2551"]
[BlackElo "2260"]

1.e4 e6 2.d4 d5 3.Nc3 dxe4 4.Nxe4 Bd7 5.Nf3 Bc6 6.Neg5 Nd7 7.Nxf7 Kxf7 8.Ng5+ Ke8
9.Bc4 Bd5 10.Nxe6 Bxe6 11.Bxe6 Bd6 12.O-O Ngf6 13.Qf3 c6 14.Re1 Qa5 15.Bf4 Bxf4
16.Qxf4 Kd8 17.Qg3 g6 18.c3 Re8 19.Bf7 Re7 20.Bb3 Rxe1+ 21.Rxe1 Qc7 22.Qg5 Qd6
23.Re6 Qf8 24.c4 Rc8 25.c5 Rc7 26.h3 Kc8 27.Qe3 Kb8 28.Re7 Rc8 29.Rf7 Qe8
30.Be6 Rd8 31.Qf4+ Ka8 32.Qc7 a6 33.Kh2 h5 34.Bc4 Rc8 35.Qd6 Rd8 36.Qc7 Rc8
37.Qd6 Rd8 38.Re7 Qf8 39.Bxa6 Ne8 40.Bxb7+ Ka7 41.Qxc6 Qxe7 42.Qa6+ Kb8 43.Bf3 Nxc5
44.Qa8+ Kc7 45.Qa7+ Kd6 46.Qb6+  1-0

[Event "52nd World Juniors"]
[Site "Kocaeli TUR"]
[Date "2013.09.14"]
[Round "2.7"]
[White "Georgiadis,N"]
[Black "Wei Yi"]
[Result "1/2-1/2"]
[WhiteElo "2396"]
[BlackElo "2551"]

1.e4 c5 2.Nf3 d6 3.d4 cxd4 4.Nxd4 Nf6 5.Nc3 e6 6.g3 Be7 7.Bg2 O-O 8.O-O Nc6
9.Be3 Bd7 10.f4 a6 11.a4 Rc8 12.Nb3 Na5 13.e5 Ne8 14.Nxa5 Qxa5 15.Ne4 Qc7
16.c3 b5 17.Rf2 d5 18.axb5 Bxb5 19.Nd2 g6 20.Bf1 Ng7 21.g4 Rb8 22.Nf3 f6
23.Bd4 fxe5 24.Bxe5 Bd6 25.Qd4 Bxf1 26.Kxf1 Rb6 27.Bxd6 Qxd6 28.Ne5 Rb7 29.b4 Ne8
30.Kg2 Nc7 31.Nd3 Nb5 32.Qc5 Rb6 33.Rf3 Rc6 34.Qxd6 Rxd6  1/2-1/2

[Event "52nd World Juniors"]
[Site "Kocaeli TUR"]
[Date "2013.09.15"]
[Round "3.11"]
[White "Wei Yi"]
[Black "Ali Marandi,C"]
[Result "1/2-1/2"]
[WhiteElo "2551"]
[BlackElo "2403"]

1.e4 e6 2.d4 d5 3.Nd2 c5 4.exd5 exd5 5.Ngf3 Nf6 6.Bb5+ Bd7 7.Bxd7+ Nbxd7
8.O-O Be7 9.dxc5 Nxc5 10.Nb3 Nce4 11.Nfd4 Qd7 12.f3 Nd6 13.Nc5 Qc8 14.Nd3 O-O
15.Be3 Re8 16.Bf2 Bd8 17.a4 a6 18.c3 Bb6 19.Qc2 Qd7 20.Kh1 Nc4 21.Qc1 Rac8
22.b3 Ne5 23.Qd2 Nxd3 24.Qxd3 Qc7 25.Rac1 g6 26.Qd2 Nh5 27.Ne2 Bxf2 28.Rxf2 Qe5
29.Kg1 Nf6 30.Nf4 Rcd8  1/2-1/2

[Event "52nd World Juniors"]
[Site "Kocaeli TUR"]
[Date "2013.09.16"]
[Round "4.11"]
[White "Ozdover,M"]
[Black "Wei Yi"]
[Result "0-1"]
[WhiteElo "2005"]
[BlackElo "2551"]

1.d4 Nf6 2.c4 g6 3.g3 Bg7 4.Bg2 O-O 5.e4 c5 6.d5 d6 7.Ne2 b5 8.cxb5 a6 9.b6 Nbd7
10.O-O a5 11.Nbc3 Ba6 12.Qc2 Qxb6 13.h3 Rab8 14.Rb1 Qc7 15.Rd1 Rb7 16.f4 Rfb8
17.Be3 Rb4 18.Bf3 Qc8 19.g4 Ne8 20.b3 Nc7 21.Kg2 Qe8 22.a3 R4b7 23.Kf2 Nb5
24.Nxb5 Rxb5 25.Ng3 R5b7 26.Nf1 g5 27.fxg5 Ne5 28.Ng3 a4 29.bxa4 Bd3 30.Rxd3 Rxb1
31.Rd2 R8b2  0-1

[Event "52nd World Juniors 2013"]
[Site "Kocaeli TUR"]
[Date "2013.09.17"]
[Round "5.6"]
[White "Wei Yi"]
[Black "Bortnik,N"]
[Result "1/2-1/2"]
[WhiteElo "2551"]
[BlackElo "2417"]

1.e4 Nf6 2.e5 Nd5 3.d4 d6 4.Nf3 g6 5.Bc4 Nb6 6.Bb3 Bg7 7.Qe2 dxe5 8.dxe5 Nc6
9.O-O Nd4 10.Nxd4 Qxd4 11.Re1 Bg4 12.Qf1 O-O 13.Nc3 Qd7 14.Bg5 c5 15.a4 h6
16.Bh4 g5 17.Bg3 Rac8 18.f3 Bf5 19.Rad1 Qc6 20.Nb5 Qg6 21.c4 a5 22.Nd6 Rcd8
23.Nxb7 Rxd1 24.Rxd1 Nd7 25.Bc2 Nxe5 26.Bxf5 Qxf5 27.Nxa5 Ra8 28.Nb3 Rxa4
29.Nxc5 Rxc4 30.Nd7 Rd4 31.Nxe5 Bxe5 32.Bxe5 Qxe5 33.Rxd4  1/2-1/2

[Event "52nd World Juniors 2013"]
[Site "Kocaeli TUR"]
[Date "2013.09.18"]
[Round "6.10"]
[White "Bai,Jinshi"]
[Black "Wei Yi"]
[Result "1/2-1/2"]
[WhiteElo "2419"]
[BlackElo "2551"]

1.d4 Nf6 2.c4 g6 3.Nf3 Bg7 4.g3 d5 5.Bg2 dxc4 6.O-O O-O 7.Na3 c3 8.bxc3 c5
9.e3 Nc6 10.Qe2 Nd5 11.Bb2 Nb6 12.Rac1 Qd5 13.c4 Qh5 14.d5 Ne5 15.Rc2 Bg4
16.Bxe5 Bxf3 17.Qxf3 Qxe5 18.Qf4 Qxf4 19.gxf4 Rab8 20.Rb1 Nc8 21.Nb5 a6  1/2-1/2

[Event "52nd World Juniors 2013"]
[Site "Kocaeli TUR"]
[Date "2013.09.19"]
[Round "7.10"]
[White "Wei Yi"]
[Black "Dimitrov,R"]
[Result "1-0"]
[WhiteElo "2551"]
[BlackElo "2437"]

1.e4 c5 2.Nf3 Nc6 3.Bb5 e6 4.O-O Nge7 5.c3 a6 6.Ba4 b5 7.Bc2 Bb7 8.Qe2 d5
9.e5 d4 10.Be4 Ng6 11.d3 Be7 12.cxd4 cxd4 13.Nbd2 Qb6 14.Nb3 O-O 15.h4 Rfd8
16.h5 Nf8 17.h6 f5 18.exf6 gxf6 19.Bd2 a5 20.Rac1 a4 21.Bxc6 axb3 22.Ne5  1-0

[Event "52nd World Juniors 2013"]
[Site "Kocaeli TUR"]
[Date "2013.09.21"]
[Round "8.7"]
[White "Narayanan,Sri"]
[Black "Wei Yi"]
[Result "1/2-1/2"]
[WhiteElo "2483"]
[BlackElo "2551"]

1.e4 c5 2.Nf3 d6 3.d4 cxd4 4.Nxd4 Nf6 5.Nc3 a6 6.Be3 e5 7.Nb3 Be7 8.h3 Be6
9.f4 exf4 10.Bxf4 Nc6 11.Qe2 Nd7 12.O-O-O Nce5 13.Nd4 O-O 14.Nf5 Rc8 15.Qe3 Bxf5
16.exf5 Qa5 17.Kb1 Nb6 18.Ne4 Nec4 19.Qg3 Qxf5 20.Bd3 Qb5 21.b3 Na3+ 22.Kc1 Qa5
23.Rde1 Rc6 24.Re2 Qb4 25.Qf2 f5 26.Bd2 fxe4 27.Bxb4 exd3 28.Bxa3 Rxf2 29.Rxf2 Nd5
30.h4 Nc3 31.Rd2 Ne2+ 32.Kd1 Nc3+ 33.Kc1 Ne2+ 34.Kd1 Nc3+ 35.Kc1 Ne2+  1/2-1/2

[Event "52nd World Juniors 2013"]
[Site "Kocaeli TUR"]
[Date "2013.09.22"]
[Round "9.7"]
[White "Wei Yi"]
[Black "Stukopin,A"]
[Result "1/2-1/2"]
[WhiteElo "2551"]
[BlackElo "2522"]

1.e4 c5 2.Nf3 e6 3.d4 cxd4 4.Nxd4 Nc6 5.Nc3 Qc7 6.Be3 a6 7.Qd2 Nf6 8.O-O-O Be7
9.f4 b5 10.e5 b4 11.Ncb5 axb5 12.Nxb5 Qa5 13.exf6 gxf6 14.Nd6+ Bxd6 15.Qxd6 Qxa2
16.Rd3 Qa1+ 17.Kd2 Ra2 18.Rb3 Rxb2 19.Bb5 Qa2 20.Rxb2 Qxb2 21.Bc5 Qc3+ 22.Kd1 Ba6
23.Bxa6 Qa1+ 24.Kd2 Qxa6 25.Bd4 Rg8 26.g3 Qb7 27.Bc5 Qb8 28.Qxb8+ Nxb8 29.Ra1 Nc6
30.Ra8+ Nd8 31.f5 exf5 32.Bxb4 f4 33.gxf4  1/2-1/2

[Event "52nd World Juniors 2013"]
[Site "Kocaeli TUR"]
[Date "2013.09.23"]
[Round "10.4"]
[White "Grover,S"]
[Black "Wei Yi"]
[Result "0-1"]
[WhiteElo "2479"]
[BlackElo "2551"]

1.d4 Nf6 2.c4 e6 3.Nc3 Bb4 4.f3 O-O 5.e4 d5 6.e5 Nfd7 7.a3 Bxc3+ 8.bxc3 dxc4
9.h4 c5 10.Bxc4 Qc7 11.Qd3 cxd4 12.cxd4 Nxe5 13.dxe5 Qxe5+ 14.Ne2 Qxa1 15.O-O Qf6
16.g4 Nd7 17.Bg5 Qe5 18.Be7 Re8 19.f4 Qc7 20.Bd6 Qb6+ 21.Kg2 Nf6 22.g5 Nd5  0-1

[Event "52nd World Juniors 2013"]
[Site "Kocaeli TUR"]
[Date "2013.09.24"]
[Round "11.6"]
[White "Wei Yi"]
[Black "Kanarek,M"]
[Result "1-0"]
[WhiteElo "2551"]
[BlackElo "2483"]

1.e4 c5 2.Nf3 g6 3.d4 cxd4 4.Qxd4 Nf6 5.Nc3 Nc6 6.Qa4 d6 7.e5 dxe5 8.Nxe5 Bd7
9.Nxd7 Qxd7 10.Be3 Bg7 11.Rd1 Qc8 12.Be2 O-O 13.O-O a6 14.Qb3 Na5 15.Qb6 Nc4
16.Bxc4 Qxc4 17.Bc5 Ne4 18.Nxe4 Qxe4 19.c3 Rfc8 20.Rfe1 Qc4 21.Bxe7 Qxa2
22.Bd6 Bf8 23.Be5 Qe6 24.Qxb7 Re8 25.Re3 Bc5 26.Bd4 Qd6 27.g3 Red8 28.b4 Bxd4
29.Rxd4 Qf6 30.Rf4 Qg7 31.Re7 Rd1+ 32.Kg2 Rf8 33.Rf3 Ra1 34.c4 h6 35.Qe4 Rc1
36.c5 g5 37.Re8 Rxe8 38.Qxe8+ Qf8 39.Qxf8+ Kxf8 40.Ra3 Rc4 41.Rxa6 Rxb4 42.Rxh6 Rc4
43.Rc6 g4 44.h3 gxh3+ 45.Kxh3 Kg7 46.f4 f6 47.Rc8 Kg6 48.Kg4 f5+ 49.Kh3 Kh5
50.Rg8 Rxc5 51.Rg5+ Kh6 52.Kh4 Rd5 53.g4 Rc5 54.Rxf5  1-0

[Event "52nd World Juniors 2013"]
[Site "Kocaeli TUR"]
[Date "2013.09.25"]
[Round "12.2"]
[White "Wei Yi"]
[Black "Ipatov,Alexander"]
[Result "1/2-1/2"]
[WhiteElo "2551"]
[BlackElo "2601"]

1.e4 e5 2.Nf3 Nf6 3.d4 Nxe4 4.dxe5 d5 5.Bd3 Be7 6.O-O Nc5 7.Be2 O-O 8.Be3 c6
9.c4 dxc4 10.Bxc4 Be6 11.Bxc5 Bxc5 12.Bxe6 fxe6 13.Nc3 Na6 14.Ne4 h6 15.Qe2 Qe7
16.Rac1 Rad8 17.Rc4 Bb6 18.Nd6 Bc5 19.Ne4 Bb6 20.g3 Nc5 21.Nxc5 Bxc5 22.Nh4 Rfe8
23.Ng6 Qf7 24.Qg4 Bb6 25.Rf4 Qd7 26.h4 Qd2 27.Rf6 gxf6 28.exf6 Kf7 29.Nf4 Kxf6
30.Qg6+ Ke5 31.Qh5+ Ke4 32.Kg2 e5 33.Qf3+ Kf5 34.Qh5+ Ke4 35.Qf3+ Kf5 36.Qh5+ Ke4  1/2-1/2

[Event "52nd World Juniors 2013"]
[Site "Kocaeli TUR"]
[Date "2013.09.26"]
[Round "13.4"]
[White "Duda,J"]
[Black "Wei Yi"]
[Result "1/2-1/2"]
[WhiteElo "2534"]
[BlackElo "2551"]

1.d4 Nf6 2.c4 g6 3.Nc3 d5 4.cxd5 Nxd5 5.e4 Nxc3 6.bxc3 Bg7 7.Nf3 c5 8.Be3 Bg4
9.Rc1 Bxf3 10.gxf3 cxd4 11.cxd4 O-O 12.d5 Nd7 13.Bg2 Qa5+ 14.Qd2 Qa6 15.Qe2 Qa5+
16.Qd2 Qa6 17.Qe2 Qa5+ 18.Qd2  1/2-1/2